000 00314nam a2200121Ia 4500
005 20251222144854.0
008 251222s9999||||xx |||||||||||||| ||spa||
020 _a84-7118-239-4
082 _a249.43/S27
100 _aSauras, Emilio
245 0 _aTeologĂ­a y Espiritualidad del Sacrificio de la Misa
942 _cLIB
999 _c21699
_d21699